000 00278nam a22001217a 4500
082 _a543 EWI'I
100 _aEWING, G.W
_957245
245 _aINSTRUMENTAL METHODS OF CHEMICAL ANALYSIS
250 _a2ND
260 _aNEWYORK
_bMCGRAW HILL
_c1960
300 _a454P
942 _cBK
999 _c567536
_d567536